Distribúcia zariadení medzi prístupové body

Uložené v:
Podrobná bibliografia
Hlavný autor: Prekop, Dominik (Autor)
Ďalší autori: Galinski, Marek (Vedúci práce)
Médium: Rukopis Kniha
Jazyk:Slovak
English
Vydavateľské údaje: 2021
Predmet:
On-line prístup:http://is.stuba.sk/zp/portal_zp.pl?podrobnosti=157334
Tagy: Pridať tag
Žiadne tagy, Buďte prvý, kto otaguje tento záznam!

MARC

LEADER 00000ntm a22000003a 4500
001 stuzp85725
003 SK-STU
005 20210619212155.4
007 ta
008 150427s2015----xo-----f-mn---000-0-slo-d
040 |a STU  |b slo 
041 0 |a eng 
100 1 |a Prekop, Dominik  |u 070400  |4 aut  |U FIIT Fakulta informatiky a informačných technológií  |T FIIT Ústav počítačového inžinierstva a aplikovanej informatiky  |X 85997  |U I400  |Y 672  |7 85997 
242 0 1 |a Distribúcia zariadení medzi prístupové body  |y slo 
245 1 0 |a Distribúcia zariadení medzi prístupové body 
260 |c 2021 
650 4 |a Softvérovo Definované Siete  |2 slo 
650 4 |a Wi-Fi  |2 slo 
650 4 |a Prístupový bod  |2 slo 
650 4 |a Handover  |2 slo 
650 4 |a Software Defined Networks  |2 eng 
650 4 |a Wi-Fi  |2 eng 
650 4 |a Access point  |2 eng 
650 4 |a Handover  |2 eng 
700 1 |a Galinski, Marek  |u 070400  |k Z1  |4 ths  |U FIIT Fakulta informatiky a informačných technológií  |T FIIT Ústav počítačového inžinierstva a aplikovanej informatiky  |X 8412  |U I400  |Y 672  |7 8412 
856 4 |u http://is.stuba.sk/zp/portal_zp.pl?podrobnosti=157334